Sitting bull and the plans Indians

Bibliographic Details
Main Author: Hook, Jason
Other Authors: Hook, Richard (illustrated)
Format: Book
Published: England : Wayland , 1986
Series:Life and Times
Subjects:

MARC

LEADER 00000cam a2200000 7i4500
001 0000002128
002 000002324
005 20090706.0
020 |a 0850786509 
090 0 0 |a J 909   |b LIF 
100 1 |a Hook, Jason 
245 1 0 |a Sitting bull and the plans Indians   |c Jason Hook ; illustrated by Richard Hook 
260 |a England :   |b Wayland ,   |c 1986 
300 |a 61 p. :   |b ill. ;   |c 23 cm. 
490 0 |a Life and Times 
600 0 0 |a Sitting bull,Sioux Chief 
651 0 |a Dakota Indian   |x Biography 
700 1 |a Hook, Richard ,   |e illustrated 
999 |a 033689   |b BUKU   |c PINJAMAN   |e PERPUSTAKAAN KOMUNITI CAW KOTA DAMANSARA